Expanzia ekonomík JVA do členských krajín EÚ so zameraním na SR diplomová práca

Guardado en:
Detalles Bibliográficos
Autor principal: Fornádeľová, Martina
Autor Corporativo: Obchodná fakulta EU. Katedra medzinárodného obchodu
Otros Autores: Rosenberg, Miloslav
Formato: Libro
Lenguaje:eslovaco
Publicado: Bratislava 2011
Etiquetas: Agregar Etiqueta
Sin Etiquetas, Sea el primero en etiquetar este registro!

MARC

LEADER 00000nam a2200000 4500
001 0147564
005 20240318124717.3
041 0 |a slo 
044 |a SK 
245 1 0 |a Expanzia ekonomík JVA do členských krajín EÚ so zameraním na SR  |b diplomová práca  |c Martina Fornádeľová ; školiteľ: Miloslav Rosenberg 
264 1 |a Bratislava  |c 2011 
300 |a 74 s. 
100 1 |a Fornádeľová, Martina 
700 1 |a Rosenberg, Miloslav 
710 2 |a Obchodná fakulta EU. Katedra medzinárodného obchodu